000 00363nam a2200157Ia 4500
008 210210b1975 xxu||||| |||| 00| 0 eng d
020 _a33390 073 1
082 _a512.5 VARL
100 _aVARMA (Sushama).
245 _aLinear algebra.
260 _aDelhi
_bMcmillan
_c1975
300 _a212
650 _aLinear algebra
690 _aAlgebra
906 _a034579
999 _c85070
_d85070